000 01677cam a22004814i 4500
003 PE-LiUPU
005 20250731173440.0
008 150616s r 000 0 d
035 _a(Sirsi) a5679
040 _aPE-LiUPU
_bspa
_cPE-LiUPU
_erda
049 _aPRUA
082 0 4 _a248.894
_bK94
_221
100 1 _aHäring, Hermánn,
_eautor.
245 1 0 _aHans Küng Itinerario y obra /
_cHermánn Häring.
264 1 _aMadrid :
_bEdiciones Cristiandad,
_c1978.
300 _a227 páginas :
_bIlustraciones ;
_c22 cm.
336 _atext
_2rdacontent
337 _aunmediated
_2rdamedia
338 _avolume
_2rdacarrier
490 0 _aLibros "Punto crítico" ;
_v3
504 _aBibliografía 180-287.
505 0 _aVida y crónica.- Estudios sobre la obra.- El tema central de la reforma.- Problemas estructurales.- La esencia de la iglesia.- Polémica en torno a la infalibilidad.
526 _aSEG42
526 _aSEG41
526 _aSEG40
526 _aSEG39
526 _aP94
526 _aP87
526 _aP86
526 _aP85
526 _aP77
526 _aP76
526 _aP35
600 1 _aKing, Hans,
_d1928-1978
700 1 _aGenther, Marghet.
910 _ajck
_bjvq
_cjck
942 _2ddc
_cBOOK
949 _a248.894 K94
_wDEWEY
_c1
_i39376
_lCCODEBUL1
_mBUL
_p00.00
_r0
_sY
_tBOOK
_u19950927
_xTEOLOGIA
_zUNKNOWN
_0COMPRA
_o.STAFF. Colección General
994 _aC0
_bPEPRU
596 _a1
999 _a248.894 K94
_wDEWEY
_c56733
_i39376
_f2021-11-12
_g5
_lCCODEBUL1
_mBUL
_r0
_sY
_tBOOK
_u2015-6-16
_xTEOLOGIA
_zUNKNOWN
_0COMPRA
_o.STAFF. Colección General
_d56733
980 _81
_gALBERTO SANCHEZ Responsable de Automatización